Quizzes
Events
Quiz Creation
Community
Videos
Private Events
Remove Ads
Sign In
Join for FREE
Feedback
Dark Mode
Quiz Categories
Sports
Geography
Music
Movies
Television
Just For Fun
Miscellaneous
History
Literature
Language
Science
Gaming
Entertainment
Religion
Holiday
For Kids
Quiz Lab
Recent
Popular Today
Quiz Kudos Today
Editor Picks
Curator Picks
Quizzes by...
Day
Popularity
Type
Ratings
Length
Year
Community
Subscriptions
Recent Discussions
Orange Saloon
Badges
Playlists
Quests
Create
Leaderboards
Showdown
Live 5
Trivia Bingo
Activity
Puzzle Library
Sporcle Events
Private Events
Virtual Trivia
Globe League
Become a Host
Pub Owners
SporcleCon
Opinionation
Our Games
Videos
Blog
Mobile Apps
Partnerships
Remove Ads and Go Orange
Feedback
Music
Pop Music
The Beatles
Song
Album
Lyrics
Bands
Singers
Artist
Clip
Rock
Rap
Classical
Billboard
Country Music
Kpop
Taylor Swift
Music
Pop Music
The Beatles
Song
Album
Lyrics
Bands
Singers
Artist
Clip
Rock
Rap
Classical
Billboard
Country Music
Kpop
Taylor Swift
Random Quiz
Search Sporcle
×
Quiz Lab
Quiz Lab
Music
Song
Type in answers that appear in a list
Type in answers that appear in a list
Classic
Best Score? Go Orange.
Alphaville songs Stats
Can you name the Alphaville songs?
By
RF85
10m
61 Questions
88 Plays
88 Plays
88 Plays
Comments
Comments
Give Quiz Kudos
Give Quiz Kudos
-
- Ratings
hide this ad
Replay
Link that replays current quiz
Next Quiz
Link to next quiz in quiz playlist
You Got
0%
They Got
Avg Score
43%
Avg Friend Score
Upgrade to see
Score Distribution
Jump to the score distribution portion of the page
Score
0/61
Timer
10:00
0
Plays Today
Album
% Correct
Forever Young
Forever Young
97.7%
Forever Young
Big In Japan
93.2%
Forever Young
Sounds Like A Melody
81.8%
Forever Young
The Jet-Set
77.3%
Forever Young
Summer In Berlin
73.9%
Afternoons In Utopia
Afternoons In Utopia
73.9%
Forever Young
A Victory Of Love
72.7%
Forever Young
Fallen Angel
63.6%
Afternoons In Utopia
Jerusalem
62.5%
Afternoons In Utopia
Dance With Me
61.4%
Forever Young
To Germany With Love
58%
Forever Young
Lies
56.8%
Afternoons In Utopia
Lassie Come Home
56.8%
Afternoons In Utopia
Red Rose
50%
The Breathtaking Blue
Romeos
48.9%
Afternoons In Utopia
Universal Daddy
47.7%
Salvation
Inside Out
47.7%
Salvation
Flame
47.7%
Forever Young
In The Mood
46.6%
The Breathtaking Blue
Ariana
46.6%
Prostitute
Fools
46.6%
Afternoons In Utopia
Sensations
45.5%
The Breathtaking Blue
The Mysteries Of Love
44.3%
Salvation
Monkey In The Moon
44.3%
Afternoons In Utopia
IAO
43.2%
The Breathtaking Blue
Summer Rain
43.2%
The Breathtaking Blue
Middle Of The Riddle
42%
Salvation
Guardian Angel
39.8%
Salvation
Pandora's Lullaby
39.8%
Afternoons In Utopia
Fantastic Dream
38.6%
Prostitute
The Impossible Dream
38.6%
Album
% Correct
Prostitute
Iron John
38.6%
Salvation
Wishful Thinking
38.6%
The Breathtaking Blue
For A Million
37.5%
The Breathtaking Blue
Patricia's Park
37.5%
Afternoons In Utopia
The Voyager
36.4%
Afternoons In Utopia
Carol Masters
36.4%
Afternoons In Utopia
Lady Bright
36.4%
The Breathtaking Blue
She Fades Away
36.4%
Prostitute
Beethoven
36.4%
Prostitute
The Paradigm Shift
35.2%
Prostitute
Apollo
34.1%
Salvation
Control
33%
Salvation
New Horizons
33%
Prostitute
Parade
31.8%
Prostitute
Ivory Tower
31.8%
The Breathtaking Blue
Heaven Or Hell
30.7%
The Breathtaking Blue
Anyway
30.7%
Prostitute
Ascension Day
30.7%
Prostitute
Some People
30.7%
Afternoons In Utopia
20th Century
29.5%
Prostitute
All In The Golden Afternoon
29.5%
Salvation
Soul Messiah
29.5%
Prostitute
Faith
28.4%
Prostitute
Euphoria
28.4%
Salvation
Point Of Know Return
27.3%
Salvation
Dangerous Places
27.3%
Prostitute
Oh Patti
26.1%
Prostitute
The One Thing
25%
Salvation
Spirit Of The Age
25%
Prostitute
Ain't It Strange
13.6%
Quiz Playlist
Details
Report
Send in Message
Add To Playlist
Classic:
Type in answers that appear in a list
Last Updated: Feb 16, 2017
Quiz Scoreboard
CHALLENGE
Sign Up to Join the Scoreboard
Show All
Scores
Hide
Comments
May contain spoilers
Recently Published
Popular People in 1961
by mucciniale
History
6m
1-10 Letter E Words III
by El_Dandy
Language
2m
One Thing in Common: World Cities II
by knightlancer
Geography
7m
More to Explore
Quiz From the Vault
Featured Blog Post
Where Did the Easter Bunny Come From?
hide this ad
You Might Also Like...
Tags
Album Quiz
Song Quiz
Today's Top Quizzes in Music
Browse Music
hide this ad
Today's Top Quizzes in Song
Browse Song
Top Contributed Quizzes in Music
1
Taylor Swift All Songs (2024)
2
Taylor Swift Logic Puzzle
3
2010s Album by Cover III
4
Guess the Taylor Swift song (Mystery Song)
5
One Thing in Common: Music
6
Guess the Artist- 70s Songs
7
2010s Album by Cover IV
8
2010s Album by Cover V
9
Get the Picture: Carrie or Dolly
10
Lana Del Rey Discography (BTD to DYKTTATUOB)
Explore More
Trending Topics
Disney
Crossword
Anime
Marvel
Harry Potter
NBA
Kpop
WWE
Puzzle
Country
NFL
Pokémon
Soccer
The Office
Song
hide this ad
More By:
RF85
Quiz
Plays
Rating
Category
Featured
Created
Alphaville songs
88
5.00
Music
Apr 2, 2010
Go to Creator's Profile
Score Distribution
Quiz Creator Spotlight
RF85
Follow
Send a Message
Quizzes Created
-
Created Quiz Play Count
-
More By This Creator
Popular Quizzes Today
1
Find the US States - No Outlines Minefield
2
The Countries of the World
3
Popular People in 1961
4
Find the Countries of Europe - No Outlines Minefield
5
1-10 Letter E Words III
6
Find the US States
7
One Thing in Common: World Cities II
8
US States
More Music Quizzes
AURORA songs by lyric
Quiz Lab
Trending Quizzes
Country Music Stars Doing Things
Get the Picture: Carrie or Dolly
1-10 Letter F Words
1-10 Letter G Words
Risky Map Clicking: Next State Alphabetically
Recently Updated
Leaping Animals
pecheneg
Reality TV Shows (A-Z)
bhenderson79
Rickey Henderson's Hall of Fame Teammates
pecheneg
Champions League XIs: Arsenal
pecheneg
Quick Pick: Celebrities in WWE's Hall of Fame
aduchscher
A-Z Keypad Blitz II
pecheneg
Multiple Oscar Actors
pecheneg
Mystery Phrase Blitz: Oscar 'Best Actors'
pecheneg
F. Scott Fitzgerald Novels
LTH
Pick 3 Villains
ddd62291
Trending Topics
NBA
Kpop
Disney
Marvel
Crossword
Anime
Harry Potter
Pokémon
NFL
Soccer
Puzzle
Country
Song
The Office
WWE
Your Account Isn't Verified!
In order to create a playlist on Sporcle, you need to verify the email address you used during registration. Go to your
Sporcle Settings
to finish the process.
Report this User
Report this user for behavior that violates our
Community Guidelines
.
Details:
Send Report
Go to the Sporcle.com Mobile Site →
Comments